|
|
|
|
| LEADER |
00000naa a2200000 ar4500 |
| 001 |
vtls008999772 |
| 003 |
SK-MaSNL |
| 005 |
20260302100434.0 |
| 008 |
070618c2007 xo |r|||||||||100 ||cze |
| 015 |
|
|
|a SNBRA2007/06
|2 snkbucl
|
| 038 |
|
|
|a SNKBUCL
|
| 040 |
|
|
|a SNKBUCL
|b slo
|c SNKBUCL
|e AACR2
|
| 041 |
0 |
|
|a cze
|
| 044 |
|
|
|a xo
|c SK
|
| 080 |
|
|
|a 792.027.2
|2 2001
|
| 080 |
|
|
|a 792.2
|2 2001
|
| 080 |
|
|
|a 821.162.3-2
|2 2001
|
| 100 |
1 |
|
|a Spurná, Helena
|d 1970-
|4 aut
|9 9834
|
| 245 |
1 |
0 |
|a Jan Antonín Pitínský a jeho realistická "Moravská trilogie"
|b (Její pastorkyňa - Maryša - Gazdina roba)
|c Helena Spurná
|
| 504 |
|
|
|a Bibliogr. odkazy
|
| 600 |
1 |
7 |
|a Preissová, Gabriela,
|d 1862-1946
|t Jej pastorkyňa
|2 snkbucl
|9 106510
|
| 600 |
1 |
7 |
|a Mrštík, Alois,
|d 1861-1925
|t Maryša
|2 snkbucl
|9 191921
|
| 600 |
1 |
7 |
|a Mrštík, Vilém,
|d 1863-1912
|t Maryša
|2 snkbucl
|9 120094
|
| 600 |
1 |
7 |
|a Preissová, Gabriela,
|d 1862-1946
|t Gazdiná roba
|2 snkbucl
|9 7042
|
| 600 |
1 |
7 |
|a Pitínský, Jan Antonín,
|d 1955-
|2 snkbucl
|9 10989
|
| 650 |
0 |
7 |
|a divadelná réžia
|2 snkbucl
|9 3341
|
| 773 |
0 |
|
|t Prichádza jeseň národov?
|d Banská Bystrica : Akadémia umení, 2007
|g S. 53-59
|z 9788089078264
|
| 852 |
|
|
|a SNK
|b KIS3GCP
|
| 958 |
|
|
|a NB
|
| 958 |
|
|
|a CZ
|
| 958 |
|
|
|a LX
|
| 999 |
|
|
|c 1220113
|d 1222043
|